La administración de la conciencia: manuales para confesar y tolerancia cultural en tiempos de la ilustración ibérica, siglo XVIII
Enregistré dans:
| Auteur principal: | |
|---|---|
| Format: | Livre |
| Langue: | espagnol |
| Publié: |
Madrid
Ediciones Doce Calles
2017
|
| Édition: | 1a. ed |
| Sujets: | |
| Tags: |
Ajouter un tag
Pas de tags, Soyez le premier à ajouter un tag!
|
MARC
| LEADER | 00000cam a2200000 a 4500 | ||
|---|---|---|---|
| 001 | UCC6651 | ||
| 003 | CL-VaPUC | ||
| 008 | 181220e20170000sp |||||||||||||||||spa|d | ||
| 020 | |a 9788497442268 | ||
| 082 | 0 | 4 | |a 265.62 |b ORR |2 21 |
| 100 | |a Orrego González, Francisco |e autor |9 601131 | ||
| 245 | 1 | 0 | |a La administración de la conciencia: manuales para confesar y tolerancia cultural en tiempos de la ilustración ibérica, siglo XVIII |
| 250 | |a 1a. ed | ||
| 300 | |a 515 p | ||
| 942 | |c BK | ||
| 945 | |d 20181220 17:39:00 |a dcastane | ||
| 260 | |a Madrid |b Ediciones Doce Calles |c 2017 | ||
| 650 | 7 | |a CONFESION |2 CL-VaPUC |9 314483 | |
| 650 | 0 | |a Sacramentos |9 257270 | |
| 650 | 0 | |a Filosofía cristiana |9 265980 | |
| 650 | 0 | |a Penitencia |9 366153 | |
| 583 | |a last modification |c 20181227 05:42:37 |k Rodrigo Vera | ||
| 999 | |c 373552 |d 373550 | ||
| 952 | |0 0 |1 0 |3 erb |4 0 |6 265_620000000000000_ORR_2017 |7 0 |8 A |9 491736 |a BIBTEO |b BIBTEO |i 5526779 |l 2 |o 265.62 ORR 2017 |p 5526779 |r 2025-01-17 |s 2022-10-13 |w 2019-11-24 |y BK |z Catalogado en:20181220 |k ICR | ||